[Event "BL 0304 Stuttgart - Solingen"]
[Site "Stuttgart"]
[Date "2004.02.14"]
[Round "8.2"]
[White "Berezovsky, Igor"]
[Black "Kasimdzhanov, Rustam"]
[Result "1/2-1/2"]
[WhiteElo "2444"]
[BlackElo "2664"]
[PlyCount "74"]
[EventDate "2004.??.??"]

1. d4 d5 2. c4 e6 3. Nc3 Be7 4. Nf3 Nf6 5. Bg5 h6 6. Bxf6 Bxf6 7. e4 dxe4 8.
Nxe4 O-O 9. Qd2 b6 10. Be2 Bb7 11. Nxf6+ Qxf6 12. O-O Rd8 13. Qe3 Na6 14. Rfd1
c5 15. dxc5 Rxd1+ 16. Rxd1 Qxb2 17. cxb6 axb6 18. Ne5 Nc5 19. Bh5 g6 20. Bf3
Bxf3 21. Qxf3 Rf8 22. Qe3 Kg7 23. h4 f6 24. Nd3 Qc2 25. Rd2 Qxc4 26. Nxc5 bxc5
27. Rd7+ Rf7 28. Rxf7+ Kxf7 29. Qxh6 Qe4 30. Qe3 Qb1+ 31. Kh2 Qb4 32. g3 c4 33.
Qd4 Qa4 34. Qc5 Qxa2 35. Qc7+ Kf8 36. Qd8+ Kf7 37. Qd7+ Kf8 1/2-1/2

[Event "BL 0304 Stuttgart - Solingen"]
[Site "Stuttgart"]
[Date "2004.02.14"]
[Round "8.3"]
[White "Jussupow, Artur"]
[Black "Papa, Severin"]
[Result "1/2-1/2"]
[WhiteElo "2583"]
[BlackElo "2372"]
[PlyCount "120"]
[EventDate "2004.??.??"]

1. d4 d5 2. c4 c6 3. Nc3 Nf6 4. Nf3 a6 5. e3 b5 6. cxd5 cxd5 7. Bd3 e6 8. Ne5
Bd6 9. f4 O-O 10. Qf3 Bb7 11. O-O Nbd7 12. a3 b4 13. axb4 Bxb4 14. Bd2 Ne4 15.
Bxe4 dxe4 16. Qe2 a5 17. Nxd7 Qxd7 18. Rfc1 Rfc8 19. Na2 Bd6 20. Rxc8+ Qxc8 21.
Nc3 Bb4 22. h3 h6 23. Qe1 Bxc3 24. Bxc3 a4 25. Rc1 Bd5 26. Bb4 Qa6 27. Rc5 Rc8
28. Bc3 Ra8 29. f5 Qd6 30. Bb4 Kh7 31. Rc2 Qd8 32. fxe6 Bxe6 33. Rc5 Rc8 34.
Qg3 Rxc5 35. dxc5 Qg5 36. Qxg5 hxg5 37. c6 Kg6 38. Kf2 Bc8 39. Ke1 Kf5 40. Bf8
g6 41. Be7 g4 42. h4 Ke6 43. Bd8 g3 44. Kd2 Ba6 45. Kc3 Bf1 46. Kd4 Kd6 47. c7
Kd7 48. Kxe4 Bxg2+ 49. Kf4 Bd5 50. Kxg3 Bb3 51. Kf4 Be6 52. Ke5 Bb3 53. Kd4 Kc8
54. Kc5 Be6 55. Kc6 Bb3 56. Be7 Be6 57. Bd6 Bb3 58. Kb5 Kb7 59. e4 Kc8 60. e5
Kb7 1/2-1/2

[Event "BL 0304 Stuttgart - Solingen"]
[Site "Stuttgart"]
[Date "2004.02.14"]
[Round "8.4"]
[White "Reuss, Andreas"]
[Black "Gabriel, Christian"]
[Result "1/2-1/2"]
[WhiteElo "2359"]
[BlackElo "2560"]
[PlyCount "62"]
[EventDate "2004.??.??"]

1. Nf3 g6 2. d4 Bg7 3. c3 d6 4. Bg5 h6 5. Bh4 g5 6. Bg3 Bf5 7. h4 g4 8. Nfd2 h5
9. e4 Bg6 10. f4 e6 11. Bd3 Nh6 12. O-O O-O 13. f5 exf5 14. exf5 Bh7 15. Nc4
Nd7 16. Qd2 Kh8 17. Nba3 Nf6 18. Bf4 Nhg8 19. Bg5 Qd7 20. Nc2 Rfe8 21. Qf4 Nd5
22. Qf2 f6 23. Bd2 Bh6 24. Bxh6 Nxh6 25. N4e3 Nxe3 26. Nxe3 Bg8 27. Qf4 Kg7 28.
Rf2 Bf7 29. Re2 Re7 30. Rae1 Rae8 31. a3 d5 1/2-1/2

[Event "BL 0304 Stuttgart - Solingen"]
[Site "Stuttgart"]
[Date "2004.02.14"]
[Round "8.5"]
[White "Sadler, Matthew"]
[Black "Lorscheid, Gerhard"]
[Result "1-0"]
[WhiteElo "2626"]
[BlackElo "2334"]
[PlyCount "49"]
[EventDate "2004.??.??"]

1. e4 d6 2. d4 Nf6 3. f3 Nbd7 4. Nh3 e5 5. d5 Be7 6. Be3 c6 7. c4 a6 8. Nf2 O-O
9. Be2 Qc7 10. Nc3 cxd5 11. cxd5 b5 12. Rc1 Qb7 13. Nd3 a5 14. Nf2 b4 15. Nb5
Ne8 16. O-O Bd8 17. a3 bxa3 18. bxa3 Bb6 19. Bxb6 Nxb6 20. Qd2 Bd7 21. Rb1 Bxb5
22. Bxb5 Ra7 23. Qe3 Nd7 24. Rfc1 Nef6 25. Ba4 1-0

[Event "BL 0304 Stuttgart - Solingen"]
[Site "Stuttgart"]
[Date "2004.02.14"]
[Round "8.7"]
[White "Werle, Jan"]
[Black "Vuckovic, Aleksandar"]
[Result "1-0"]
[WhiteElo "2397"]
[BlackElo "2321"]
[PlyCount "89"]
[EventDate "2004.??.??"]

1. Nf3 c5 2. c4 Nf6 3. Nc3 g6 4. e4 Bg7 5. d4 cxd4 6. Nxd4 Nc6 7. Be3 O-O 8.
Be2 d6 9. O-O Bd7 10. Qd2 Nxd4 11. Bxd4 Bc6 12. f3 a5 13. Rac1 Nd7 14. Be3 Nc5
15. b3 Re8 16. Kh1 Be5 17. Rc2 e6 18. Bg5 Qb6 19. Rb1 Qb4 20. Qc1 Qb6 21. Bf1
f5 22. exf5 gxf5 23. Bf4 Re7 24. Nb5 Bxb5 25. Bxe5 dxe5 26. cxb5 Nd7 27. Qe1
Rf8 28. Rd1 e4 29. fxe4 f4 30. e5 Rf5 31. Rc8+ Rf8 32. Qh4 Ref7 33. Qg5+ Rg7
34. Rxf8+ Nxf8 35. Qxf4 Ng6 36. Qe4 Rf7 37. Bc4 Kg7 38. Qg4 Rf5 39. Rd7+ Kh6
40. Qh3+ Kg5 41. Rxh7 Rxe5 42. Qh6+ Kf6 43. Qg7+ Kg5 44. h4+ Kf4 45. Qh6+ 1-0

[Event "BL 0304 Stuttgart - Solingen"]
[Site "Stuttgart"]
[Date "2004.02.14"]
[Round "8.8"]
[White "Schmid, Wolfgang"]
[Black "Hoffmann, Michael"]
[Result "0-1"]
[WhiteElo "2184"]
[BlackElo "2450"]
[PlyCount "82"]
[EventDate "2004.??.??"]

1. e4 c5 2. Nf3 d6 3. d4 Nf6 4. Nc3 cxd4 5. Nxd4 Nc6 6. Nxc6 bxc6 7. Bd3 g6 8.
O-O Bg7 9. Bg5 h6 10. Bd2 O-O 11. Kh1 e5 12. Ne2 d5 13. Ng3 h5 14. Bg5 Qb6 15.
Bxf6 Bxf6 16. Qf3 Qd8 17. h3 Bg7 18. Rfd1 Qh4 19. Be2 Rb8 20. Rab1 Be6 21. c4
dxc4 22. Qc3 Qf4 23. Bf3 Rfd8 24. Ne2 Qg5 25. Ng1 Rd4 26. Ne2 Rxd1+ 27. Rxd1
Bf8 28. Qc2 Bc5 29. Nc1 Bd4 30. b3 c5 31. Rf1 cxb3 32. Nxb3 c4 33. Nxd4 exd4
34. Rd1 Qe5 35. Kg1 d3 36. Qa4 Qc5 37. Qa6 Rb2 38. Rf1 Qd4 39. Qc6 c3 40. e5 c2
41. Be4 Rb1 0-1

[Event "BL 0304 Baden-Oos - Wattenscheid"]
[Site "Stuttgart"]
[Date "2004.02.14"]
[Round "8.2"]
[White "Svidler, Peter"]
[Black "Rustemov, Alexander"]
[Result "1-0"]
[WhiteElo "2723"]
[BlackElo "2604"]
[PlyCount "63"]
[EventDate "2004.??.??"]

1. e4 e6 2. d4 d5 3. e5 b6 4. Nf3 Ne7 5. Nc3 Ba6 6. Bxa6 Nxa6 7. O-O Qd7 8. Ne2
c5 9. dxc5 bxc5 10. Ng3 Qb5 11. b3 h6 12. c4 Qb7 13. Qe2 Rd8 14. Be3 Nc6 15.
Rad1 d4 16. Bd2 Qc7 17. Nh5 Nab8 18. Rfe1 Nd7 19. Qe4 a5 20. h4 Rb8 21. Qg4 Rh7
22. Nf4 Kd8 23. Nd3 Be7 24. Rb1 Nb4 25. Qe4 Rh8 26. a3 Nxd3 27. Qxd3 Ke8 28. h5
Rb7 29. Qe4 Kf8 30. Bxa5 Qb8 31. b4 Rg8 32. bxc5 1-0

[Event "BL 0304 Baden-Oos - Wattenscheid"]
[Site "Stuttgart"]
[Date "2004.02.14"]
[Round "8.5"]
[White "Holzke, Frank"]
[Black "Krasenkow, Michal"]
[Result "1-0"]
[WhiteElo "2477"]
[BlackElo "2585"]
[PlyCount "103"]
[EventDate "2004.??.??"]

1. e4 g6 2. d4 Bg7 3. Nc3 c6 4. Bc4 d6 5. Qf3 e6 6. Nge2 b5 7. Bb3 a5 8. a3 Nd7
9. h4 Ba6 10. Bg5 Bf6 11. Qg3 Bxg5 12. Qxg5 Qxg5 13. hxg5 Ne7 14. Nd1 d5 15. e5
c5 16. c3 cxd4 17. cxd4 Nb6 18. Ne3 Nc6 19. Rh4 a4 20. Bd1 b4 21. axb4 Nxb4 22.
Bxa4+ Ke7 23. b3 Nd3+ 24. Kd2 Nxf2 25. Bc6 Bb7 26. Rxa8 Bxa8 27. Bxa8 Nxa8 28.
Ng3 Nc7 29. Rf4 Ne4+ 30. Nxe4 dxe4 31. Rxe4 h5 32. gxh6 Rxh6 33. Rf4 Rh8 34.
Rf1 Rh4 35. Kd3 Nd5 36. g3 Nxe3 37. Kxe3 Rh2 38. Kd3 Rg2 39. Rf3 g5 40. Kc4 g4
41. Rd3 Kd7 42. d5 Re2 43. Kd4 Re1 44. d6 f6 45. exf6 Rf1 46. b4 Rxf6 47. Kc4
Rf1 48. b5 Rc1+ 49. Rc3 Rf1 50. b6 Kxd6 51. Rb3 Rf8 52. Kd4 1-0

[Event "BL 0304 Baden-Oos - Wattenscheid"]
[Site "Stuttgart"]
[Date "2004.02.14"]
[Round "8.6"]
[White "Schlosser, Philipp"]
[Black "Dinstuhl, Volkmar"]
[Result "1-0"]
[WhiteElo "2551"]
[BlackElo "2439"]
[PlyCount "63"]
[EventDate "2004.??.??"]

1. Nf3 d5 2. d4 Nf6 3. c4 c6 4. e3 e6 5. Bd3 Nbd7 6. O-O Bd6 7. Nbd2 O-O 8. e4
dxe4 9. Nxe4 Nxe4 10. Bxe4 h6 11. Bc2 c5 12. b3 Nf6 13. Bb2 Qc7 14. d5 e5 15.
Re1 Re8 16. Nh4 Bd7 17. h3 g5 18. Qf3 Kg7 19. Nf5+ Bxf5 20. Qxf5 Qd7 21. Qd3
Re7 22. Re3 Rh8 23. Rae1 Qc7 24. Qf5 Nd7 25. h4 f6 26. Rh3 Kg8 27. Ree3 Rf7 28.
hxg5 hxg5 29. Qg6+ Rg7 30. Rxh8+ Kxh8 31. Qh6+ Kg8 32. Bf5 1-0

[Event "BL 0304 Baden-Oos - Wattenscheid"]
[Site "Stuttgart"]
[Date "2004.02.14"]
[Round "8.7"]
[White "Ellers, Holger"]
[Black "Doettling, Fabian"]
[Result "1/2-1/2"]
[WhiteElo "2421"]
[BlackElo "2503"]
[PlyCount "77"]
[EventDate "2004.??.??"]

1. d4 d5 2. c4 e6 3. Nf3 Nf6 4. g3 dxc4 5. Bg2 Nc6 6. Qa4 Bb4+ 7. Bd2 Bd6 8.
O-O O-O 9. Qxc4 e5 10. dxe5 Nxe5 11. Nxe5 Bxe5 12. Bc3 Qe7 13. Bxe5 Qxe5 14.
Nc3 c6 15. Rfd1 Be6 16. Qb4 Rab8 17. Rd2 a5 18. Qb6 Nd7 19. Qa7 Qc5 20. Qxc5
Nxc5 21. Rad1 Rfc8 22. Rd6 Kf8 23. Kf1 Ke7 24. Ke1 Rd8 25. Rxd8 Rxd8 26. Rxd8
Kxd8 27. a3 Kc7 28. Kd2 b5 29. Nd1 Nb3+ 30. Kc3 c5 31. Ne3 Kd6 32. Bb7 Nc1 33.
Kd2 Nb3+ 34. Kc3 h6 35. Be4 b4+ 36. Kd3 Nc1+ 37. Kd2 Nb3+ 38. Kd3 Nc1+ 39. Kd2
1/2-1/2

[Event "BL 0304 Baden-Oos - Wattenscheid"]
[Site "Stuttgart"]
[Date "2004.02.14"]
[Round "8.8"]
[White "Schenk, Andreas"]
[Black "Straeter, Timo"]
[Result "1/2-1/2"]
[WhiteElo "2491"]
[BlackElo "2326"]
[PlyCount "84"]
[EventDate "2004.??.??"]

1. d4 f5 2. Nc3 d5 3. Bf4 c6 4. e3 Nf6 5. Bd3 e6 6. Nf3 Be7 7. Ne2 O-O 8. O-O
Bd7 9. c4 Be8 10. Qb3 b6 11. Rac1 Ne4 12. Rfd1 g5 13. Be5 Nd7 14. cxd5 Nxe5 15.
Nxe5 cxd5 16. Nc6 Bxc6 17. Rxc6 Bd6 18. Rdc1 g4 19. Nf4 Bxf4 20. exf4 Qf6 21.
Bxe4 fxe4 22. Qe3 Rae8 23. g3 Re7 24. Rc7 Rxc7 25. Rxc7 Rf7 26. Rc8+ Rf8 27.
Rc6 Kg7 28. Kf1 Rf7 29. Qc3 Qh6 30. Kg1 Qf6 31. b4 Re7 32. b5 Rf7 33. a4 Qf5
34. Rc8 Qf6 35. Kg2 Qf5 36. Re8 Rf8 37. Re7+ Rf7 38. Re8 Rf8 39. Qc7+ Kg8 40.
Rxf8+ Kxf8 41. Qb8+ Kf7 42. Qc7+ Kg6 1/2-1/2

[Event "BL 0304 Wattenscheid - Stuttgart"]
[Site "Stuttgart"]
[Date "2004.02.15"]
[Round "9.1"]
[White "Schmittdiel, Eckhard"]
[Black "Nielsen, Peter"]
[Result "0-1"]
[WhiteElo "2489"]
[BlackElo "2636"]
[PlyCount "90"]
[EventDate "2004.??.??"]

1. Nf3 c5 2. c4 Nf6 3. g3 d5 4. cxd5 Nxd5 5. Bg2 g6 6. Nc3 Nc6 7. Qb3 Nb6 8. d3
Bg7 9. O-O O-O 10. Na4 Be6 11. Qd1 Nxa4 12. Qxa4 Qd7 13. Qh4 f6 14. Be3 b6 15.
Rfd1 Rad8 16. Bd2 Bg4 17. Bh6 Bxh6 18. Qxh6 Bxf3 19. Bxf3 Nd4 20. Rd2 Nxf3+ 21.
exf3 e5 22. Qh4 Qd4 23. Qxd4 Rxd4 24. Kf1 Rfd8 25. Ke2 g5 26. Rc1 Kf7 27. Rc4
Ke6 28. b3 f5 29. Rd1 R8d6 30. Rxd4 Rxd4 31. Rc1 Kd5 32. Rc2 b5 33. Rc1 a5 34.
Rb1 Kc6 35. Re1 Kd5 36. Rb1 a4 37. bxa4 Rxa4 38. Rxb5 Rxa2+ 39. Ke1 Kd4 40. Rb7
Kxd3 41. Rd7+ Kc2 42. Rxh7 c4 43. h4 gxh4 44. gxh4 c3 45. h5 Kb1 0-1

[Event "BL 0304 Wattenscheid - Stuttgart"]
[Site "Stuttgart"]
[Date "2004.02.15"]
[Round "9.2"]
[White "Rustemov, Alexander"]
[Black "Papa, Severin"]
[Result "1/2-1/2"]
[WhiteElo "2604"]
[BlackElo "2372"]
[PlyCount "199"]
[EventDate "2004.??.??"]

1. d4 d5 2. c4 c6 3. Nc3 Nf6 4. e3 a6 5. Qc2 g6 6. Bd3 Bg7 7. Nf3 Bg4 8. Ne5
Be6 9. c5 Nbd7 10. Nxd7 Nxd7 11. Na4 O-O 12. h4 Qc7 13. h5 b6 14. cxb6 Nxb6 15.
Nc5 Bc8 16. f4 Qd6 17. Bd2 a5 18. Rc1 Nd7 19. hxg6 hxg6 20. Kf2 Nxc5 21. Qxc5
Bd7 22. b3 Qxc5 23. Rxc5 a4 24. b4 a3 25. Rb1 Rfb8 26. Ke2 Bf8 27. Ra5 Bg4+ 28.
Ke1 e6 29. Rxa8 Rxa8 30. Bc3 Bd6 31. Kd2 Kf8 32. Kc2 Ke7 33. Rh1 Bf5 34. Bxf5
gxf5 35. Rh3 Rg8 36. g3 Ra8 37. Kb3 Kf6 38. Bd2 Ke7 39. Rh2 Kd7 40. Bc1 Rb8 41.
Bxa3 c5 42. dxc5 Bxc5 43. Re2 Be7 44. Rc2 Bf8 45. Rg2 Bc5 46. Re2 Be7 47. Rd2
Bf8 48. Rd4 Bc5 49. Rd3 Be7 50. Rc3 Bf8 51. Rc1 Be7 52. Rh1 Bd6 53. Rh7 Ke7 54.
Rh1 Kd7 55. Rb1 Bc5 56. Re1 Be7 57. Rd1 Bf8 58. Rd3 Be7 59. Kc3 Bf8 60. Rd1
Rc8+ 61. Kb2 Rb8 62. Kb3 Bc5 63. Re1 Be7 64. Rc1 Bf8 65. Rc3 Be7 66. Ka4 Ra8+
67. Kb3 Rb8 68. Kc2 Bxb4 69. Bxb4 Rxb4 70. Ra3 Kc6 71. Ra7 Re4 72. Kd3 f6 73.
Ra3 Kb5 74. Rb3+ Ka4 75. Kd2 Ka5 76. Rd3 Ra4 77. a3 Rc4 78. Ke2 Rc1 79. Rb3
Rc2+ 80. Kd3 Rc4 81. Rb8 Re4 82. Rb3 Ka4 83. Rc3 Kb5 84. Kc2 Ka5 85. Kb3 Kb5
86. Rd3 Ka5 87. Kc2 Kb5 88. Kd2 Rc4 89. Ke2 Rc1 90. Rb3+ Ka5 91. Kf3 Rf1+ 92.
Kg2 Rc1 93. Rb8 Rc3 94. Kf2 Rc4 95. Rf8 Ka4 96. Rxf6 Re4 97. Rf8 Kxa3 98. Rb8
Rb4 99. Re8 Re4 100. Kf3 1/2-1/2

[Event "BL 0304 Wattenscheid - Stuttgart"]
[Site "Stuttgart"]
[Date "2004.02.15"]
[Round "9.3"]
[White "Reuss, Andreas"]
[Black "Appel, Ralf"]
[Result "1/2-1/2"]
[WhiteElo "2359"]
[BlackElo "2513"]
[PlyCount "44"]
[EventDate "2004.??.??"]

1. d4 Nf6 2. Nf3 e6 3. Bg5 c5 4. c3 cxd4 5. cxd4 Qb6 6. Qb3 Ne4 7. Qxb6 axb6 8.
Nc3 d5 9. Bd2 Nc6 10. e3 Bd7 11. Bd3 Nb4 12. Bb1 Nd6 13. b3 Nb5 14. a4 Na7 15.
Ne5 Nac6 16. Nxd7 Kxd7 17. Na2 Rc8 18. Ke2 Bd6 19. Rc1 f5 20. Nxb4 Nxb4 21. Bd3
Nxd3 22. Kxd3 g5 1/2-1/2

[Event "BL 0304 Wattenscheid - Stuttgart"]
[Site "Stuttgart"]
[Date "2004.02.15"]
[Round "9.4"]
[White "Handke, Florian"]
[Black "Lorscheid, Gerhard"]
[Result "1-0"]
[WhiteElo "2476"]
[BlackElo "2334"]
[PlyCount "57"]
[EventDate "2004.??.??"]

1. e4 d6 2. d4 Nf6 3. Bd3 e5 4. c3 d5 5. dxe5 Nxe4 6. Nf3 Nc6 7. Nbd2 Nc5 8.
Bb1 Bg4 9. O-O d4 10. Qe2 dxc3 11. bxc3 Qd5 12. h3 Bh5 13. Ne4 O-O-O 14. Nxc5
Bxc5 15. Be4 Qxe5 16. Qc4 Bxf3 17. Bxf3 Bd6 18. g3 Qc5 19. Qa4 Ne5 20. Bg2 c6
21. Rb1 Rd7 22. Rb3 a6 23. Be3 Qc4 24. Qa5 Bc7 25. Bb6 Bb8 26. Rfb1 Qe6 27. Bc5
Nd3 28. Bd4 Ne5 29. Rxb7 1-0

[Event "BL 0304 Wattenscheid - Stuttgart"]
[Site "Stuttgart"]
[Date "2004.02.15"]
[Round "9.5"]
[White "Heinatz, Thomas"]
[Black "Holzke, Frank"]
[Result "1/2-1/2"]
[WhiteElo "2332"]
[BlackElo "2477"]
[PlyCount "127"]
[EventDate "2004.??.??"]

1. e4 e5 2. Nf3 Nc6 3. Bb5 a6 4. Ba4 Nf6 5. O-O Nxe4 6. d4 b5 7. Bb3 d5 8. dxe5
Be6 9. Nbd2 Nc5 10. c3 Bg4 11. Bc2 Be7 12. Re1 O-O 13. Nf1 Re8 14. h3 Bh5 15.
g4 Bg6 16. Bf5 Ne4 17. Bf4 Bc5 18. Ne3 Ne7 19. Nd4 Nxf5 20. gxf5 Qh4 21. Qf3
Nd2 22. Qg4 Bxd4 23. cxd4 Bh5 24. Qxh4 Nf3+ 25. Kf1 Nxh4 26. Rac1 Rac8 27. Rc6
g6 28. Nxd5 Bf3 29. Nf6+ Kh8 30. Rc3 Bg2+ 31. Kg1 Re7 32. Rec1 b4 33. Rd3 Bb7
34. fxg6 Nxg6 35. Bg3 c5 36. f4 cxd4 37. Rxc8+ Bxc8 38. Rxd4 Bxh3 39. Rxb4 Rc7
40. Rb8+ Rc8 41. Rxc8+ Bxc8 42. Kf2 Ne7 43. Ke2 Kg7 44. b4 Be6 45. a3 Kg6 46.
Kd3 h5 47. Ke4 Nf5 48. Bf2 h4 49. Kf3 h3 50. Bg1 Ne7 51. Kg3 Kf5 52. Ne8 Ke4
53. Nd6+ Kd5 54. a4 Nf5+ 55. Nxf5 Bxf5 56. b5 axb5 57. axb5 Bd7 58. b6 Kc6 59.
Kh4 h2 60. Bxh2 Kxb6 61. Kg5 Be6 62. f5 Ba2 63. Kf6 Kb5 64. e6 1/2-1/2

[Event "BL 0304 Wattenscheid - Stuttgart"]
[Site "Stuttgart"]
[Date "2004.02.15"]
[Round "9.6"]
[White "Dinstuhl, Volkmar"]
[Black "Vuckovic, Aleksandar"]
[Result "1/2-1/2"]
[WhiteElo "2439"]
[BlackElo "2321"]
[PlyCount "82"]
[EventDate "2004.??.??"]

1. d4 Nf6 2. Nf3 e6 3. c4 b6 4. Nc3 Bb7 5. a3 d5 6. Bg5 Be7 7. Bxf6 Bxf6 8.
cxd5 exd5 9. Qa4+ c6 10. g3 O-O 11. Bg2 Re8 12. O-O Nd7 13. Rad1 Qc7 14. Rfe1
c5 15. e3 a6 16. Qc2 Rad8 17. dxc5 Qxc5 18. Nd4 Bxd4 19. exd4 Qc4 20. Qf5 Nf6
21. Re5 h6 22. Rde1 Qxd4 23. Rxe8+ Nxe8 24. Nxd5 Bxd5 25. Bxd5 Nf6 26. Bf3 Qxb2
27. Rb1 Qxa3 28. Rxb6 a5 29. Ra6 Qd3 30. Qxa5 Re8 31. Kg2 Qc4 32. Rc6 Qd4 33.
Qa2 Qe5 34. Ra6 Re7 35. Bc6 g6 36. Ra8+ Kg7 37. Qd2 Qc7 38. Bf3 Qe5 39. Ra5 Qc7
40. Rb5 Qc4 41. Rb4 Qc5 1/2-1/2

[Event "BL 0304 Wattenscheid - Stuttgart"]
[Site "Stuttgart"]
[Date "2004.02.15"]
[Round "9.7"]
[White "Schmid, Wolfgang"]
[Black "Ellers, Holger"]
[Result "1/2-1/2"]
[WhiteElo "2184"]
[BlackElo "2421"]
[PlyCount "134"]
[EventDate "2004.??.??"]

1. e4 c5 2. Nf3 Nc6 3. Bb5 g6 4. Bxc6 dxc6 5. d3 Bg7 6. h3 Nf6 7. Nc3 Nd7 8.
Be3 e5 9. Qd2 h6 10. Nh2 Qe7 11. O-O-O Nf8 12. f4 exf4 13. Bxf4 Ne6 14. Be3 Nd4
15. Ne2 Nxe2+ 16. Qxe2 Be6 17. Kb1 O-O-O 18. Qf2 b6 19. Nf3 Kb7 20. Ng1 Rd7 21.
Ne2 Rhd8 22. Rhf1 f5 23. exf5 Bxf5 24. g4 Be6 25. Bc1 Bg8 26. Nc3 c4 27. dxc4
Bxc3 28. Rxd7+ Rxd7 29. bxc3 Qe6 30. Re1 Qxc4 31. Bb2 Qxa2+ 32. Kc1 Qd5 33. Qe3
g5 34. Kb1 Qa2+ 35. Kc1 Qd5 36. Kb1 Bh7 37. Qe6 Qd2 38. Rc1 Rd6 39. Qe5 Ka6 40.
c4 Qb4 41. Qc3 Qxc3 42. Bxc3 c5 43. Kb2 Bg8 44. Rf1 Bxc4 45. Rf6 Rxf6 46. Bxf6
Bf1 47. Bg7 Bxh3 48. Bxh6 Bxg4 49. Bxg5 Kb5 50. c3 Kc4 51. Bd8 Kd5 52. Ka3 Bd1
53. Kb2 Kc6 54. Bf6 Kd7 55. Be5 a5 56. Bf6 b5 57. Bg5 Bh5 58. Bf4 Kc6 59. Bg5
b4 60. cxb4 axb4 61. Be3 Bd1 62. Bf2 Ba4 63. Be3 Kd5 64. Bf2 Kc4 65. Be3 Kb5
66. Bf2 c4 67. Be1 Bb3 1/2-1/2

[Event "BL 0304 Solingen - Baden-Oos"]
[Site "Stuttgart"]
[Date "2004.02.15"]
[Round "9.3"]
[White "Svidler, Peter"]
[Black "Jussupow, Artur"]
[Result "1/2-1/2"]
[WhiteElo "2723"]
[BlackElo "2583"]
[PlyCount "47"]
[EventDate "2004.??.??"]

1. e4 e5 2. Nf3 Nc6 3. Bb5 a6 4. Ba4 Nf6 5. O-O Nxe4 6. d4 b5 7. Bb3 d5 8. dxe5
Be6 9. Nbd2 Nc5 10. c3 Be7 11. Bc2 Bg4 12. Re1 O-O 13. Nf1 Re8 14. h3 Bh5 15.
Ng3 Bg6 16. Nf5 Bf8 17. Bf4 Qd7 18. N3h4 Rad8 19. Nxg6 hxg6 20. Nd4 Nxd4 21.
cxd4 Ne6 22. Bg3 c5 23. dxc5 Bxc5 24. Bd3 1/2-1/2

[Event "BL 0304 Solingen - Baden-Oos"]
[Site "Stuttgart"]
[Date "2004.02.15"]
[Round "9.4"]
[White "Gabriel, Christian"]
[Black "Dautov, Rustem"]
[Result "1/2-1/2"]
[WhiteElo "2560"]
[BlackElo "2610"]
[PlyCount "52"]
[EventDate "2004.??.??"]

1. d4 d5 2. c4 c6 3. Nf3 Nf6 4. Nc3 a6 5. a4 e6 6. Bg5 Nbd7 7. cxd5 exd5 8. e3
a5 9. Bd3 Be7 10. Qc2 O-O 11. O-O Re8 12. Rae1 Nf8 13. Ne5 Ng4 14. Bxe7 Rxe7
15. f4 f6 16. Nxg4 Bxg4 17. h3 Bh5 18. g4 Bf7 19. Kf2 Qd6 20. Ne2 Bg6 21. Ng3
Bxd3 22. Qxd3 Qb4 23. b3 Rae8 24. Re2 Ng6 25. Rc1 Nh8 26. Rce1 Nf7 1/2-1/2

[Event "BL 0304 Solingen - Baden-Oos"]
[Site "Stuttgart"]
[Date "2004.02.15"]
[Round "9.7"]
[White "Doettling, Fabian"]
[Black "Werle, Jan"]
[Result "1/2-1/2"]
[WhiteElo "2503"]
[BlackElo "2397"]
[PlyCount "120"]
[EventDate "2004.??.??"]

1. d4 Nf6 2. Nf3 e6 3. c4 b6 4. g3 Ba6 5. Nbd2 Bb7 6. Bg2 c5 7. e4 cxd4 8. Nxd4
d6 9. O-O Nbd7 10. Re1 Qc8 11. a4 Be7 12. a5 bxa5 13. N2b3 Nc5 14. Nxa5 Bxe4
15. Nac6 Bxg2 16. Kxg2 Bd8 17. b4 Nb7 18. Qf3 O-O 19. Bg5 h6 20. Nxd8 Qxd8 21.
Nc6 Qc7 22. Bxf6 gxf6 23. Nxa7 f5 24. Nb5 Qb6 25. Rxa8 Rxa8 26. Nxd6 Qxd6 27.
Qxb7 Rb8 28. Rd1 Rxb7 29. Rxd6 Rxb4 30. Rd8+ Kg7 31. c5 Rc4 32. Rc8 f4 33. g4
Rc3 34. c6 Kf6 35. h4 Kg7 36. Kf1 Kf6 37. Ke2 Ke5 38. Kd2 Rc5 39. Kd3 f6 40. c7
Rc6 41. h5 Rc1 42. Rh8 Rxc7 43. Rxh6 Ra7 44. Ke2 Ke4 45. Rxf6 Ra2+ 46. Ke1 Ra1+
47. Kd2 Ra2+ 48. Kc3 Rxf2 49. h6 Rh2 50. Rxe6+ Kd5 51. Rg6 Ke4 52. Re6+ Kd5 53.
Rf6 Ke4 54. g5 Rh5 55. Rg6 f3 56. Kd2 Rh2+ 57. Ke1 Ke3 58. Re6+ Kf4 59. g6 Rxh6
60. Rf6+ Ke3 1/2-1/2

[Event "BL 0304 Solingen - Baden-Oos"]
[Site "Stuttgart"]
[Date "2004.02.15"]
[Round "9.8"]
[White "Hoffmann, Michael"]
[Black "Schenk, Andreas"]
[Result "1/2-1/2"]
[WhiteElo "2450"]
[BlackElo "2491"]
[PlyCount "30"]
[EventDate "2004.??.??"]

1. e4 e6 2. d4 d5 3. Nc3 Nf6 4. Bg5 dxe4 5. Nxe4 Nbd7 6. Nxf6+ Nxf6 7. Nf3 c5
8. Bb5+ Bd7 9. Bxd7+ Qxd7 10. Qe2 Be7 11. O-O-O O-O 12. dxc5 Qc7 13. Ne5 Qxc5
14. Bxf6 Bxf6 15. Nd7 Qg5+ 1/2-1/2